000 00625nam a2200181Ia 4500
008 100921s9999 xx 000 0 und d
082 _b4436
_a320.954-14 थ 72
100 _aअश्मसार.
245 _aनिवडक अश्मसार.
260 _bविश्वमोहिनी प्रकाशन,पुणे.
_c1972
300 _a279
_b---
365 _b15
520 _aस.शा.राजकीय लेख.
630 _aनिवडक अश्मसार.
650 _aस.शा.राजकीय लेख.
730 _aनिवडक अश्मसार.
942 _cBOOK
999 _c753549
_d753546